| 000 | 00649nam a2200145Ia 4500 | ||
|---|---|---|---|
| 008 | 170221s9999 xx 000 0 und d | ||
| 100 | _aNailya Sh. Valeyeva | ||
| 245 | 4 | _aThe Managerial Mechanism of Social Sphere Future Specialists’ Professional World View Formation | |
| 245 | _cNailya Sh. Valeyeva, Roman V. Kupriyanov, Elvira R. Valeyeva, Marina I. Nadeyeva, Tatyana N. Guryanova, Natalya I. Yurtayeva, Zhanna E. Kaysarova, Albina A. Safina | ||
| 260 | _bInternational Review of Management and Marketing | ||
| 260 | _c2017 | ||
| 300 | _a7 : 1 | ||
| 650 | _xMarketing. | ||
| 856 | _uhttp://www.econjournals.com/index.php/irmm/issue/view/71 | ||
| 999 |
_c312364 _d312364 |
||